[Event "Rail 4 countries 22nd"]
[Site "Arosa"]
[Date "2006.06.24"]
[Round "2.4"]
[White "Kosny, Marek"]
[Black "Lusti, Reto"]
[Result "1-0"]
[WhiteElo "2082"]
[BlackElo "1765"]
[PlyCount "53"]
[EventDate "2006.06.23"]
[EventType "team-tourn"]
[EventRounds "3"]
[EventCountry "SUI"]
[SourceTitle "CBM 113 Extra"]
[Source "ChessBase"]
[SourceDate "2006.09.14"]
[SourceVersion "1"]
[SourceVersionDate "2006.09.14"]
[SourceQuality "1"]

1. Nf3 g6 2. c4 Bg7 3. Nc3 e5 4. g3 f5 5. d3 c6 6. e4 fxe4 7. dxe4 Na6 8. Bg2 d6 9. 0-0 Nf6 10. h3 Be6 11. b3 Qd7 12. Kh2 h6 13. Ba3 0-0-0 14. Qe2 g5 15. Rfd1 Qc7 16. Rac1 g4 17. hxg4 Bxg4 18. Qe3 Kb8 19. Nb5 cxb5 20. cxb5 Nc5 21. b4 Qf7 22. bxc5 dxc5 23. Bxc5 Qh5+ 24. Kg1 a6 25. bxa6 bxa6 26. Bd6+ Ka8 27. Rc7 1-0

[Event "Rail 4 countries 22nd"]
[Site "Arosa"]
[Date "2006.06.23"]
[Round "1.4"]
[White "Bartos, Alois"]
[Black "Lusti, Reto"]
[Result "1-0"]
[WhiteElo "1958"]
[BlackElo "1765"]
[PlyCount "65"]
[EventDate "2006.06.23"]
[EventType "team-tourn"]
[EventRounds "3"]
[EventCountry "SUI"]
[SourceTitle "CBM 113 Extra"]
[Source "ChessBase"]
[SourceDate "2006.09.14"]
[SourceVersion "1"]
[SourceVersionDate "2006.09.14"]
[SourceQuality "1"]

1. e4 e6 2. d4 d5 3. Nc3 Nf6 4. Bg5 Be7 5. e5 Nfd7 6. Bxe7 Qxe7 7. f4 a6 8. Nf3 c5 9. Qd2 Nc6 10. Be2 cxd4 11. Nxd4 0-0 12. 0-0 f6 13. exf6 Qxf6 14. Rad1 Ndb8 15. Nb3 Ne7 16. a3 Bd7 17. Bg4 Bc6 18. Nd4 Nf5 19. Bxf5 exf5 20. Rfe1 Nd7 21. Ne6 Rf7 22. Nc7 Rc8 23. N7xd5 Qd8 24. Qe3 Kf8 25. Kh1 Nf6 26. Qc5+ Kg8 27. Ne7+ Qxe7 28. Qxe7 Rxe7 29. Rxe7 Ne4 30. Nxe4 fxe4 31. Kg1 Kf8 32. Re5 Kf7 33. c3 1-0

[Event "Rail 4 countries 20th"]
[Site "Ludwigshafen"]
[Date "2003.05.31"]
[Round "2.4"]
[White "Domagala, Hanna"]
[Black "Lusti, Reto"]
[Result "1-0"]
[WhiteElo "1900"]
[BlackElo "1819"]
[PlyCount "65"]
[EventDate "2003.05.30"]
[EventType "team"]
[EventRounds "3"]
[EventCountry "GER"]
[SourceTitle "EXT 2004"]
[Source "ChessBase"]
[SourceDate "2003.11.25"]
[SourceVersion "1"]
[SourceVersionDate "2003.11.25"]
[SourceQuality "1"]

1. e4 e6 2. d4 d5 3. e5 c5 4. c3 Nc6 5. Nf3 Qb6 6. a3 Bd7 7. Be2 f6 8. exf6 Nxf6 9. b4 cxd4 10. cxd4 Bd6 11. Bb2 0-0 12. 0-0 Rae8 13. Nc3 Kh8 14. Rc1 Bb8 15. Na4 Qd8 16. Nc5 Bc8 17. Bb5 Ng4 18. h3 e5 19. dxe5 Ngxe5 20. Nxe5 Nxe5 21. f4 Nc6 22. Bxc6 bxc6 23. Qd4 Rf6 24. Nd3 Re4 25. Qc5 Rfe6 26. Ne5 Qe8 27. Rce1 Rc4 28. Qf2 Ba6 29. Nxc4 Bxc4 30. Rxe6 Qxe6 31. Re1 Qf7 32. Qg3 h5 33. Re8+ 1-0

[Event "Rail 4 countries 20th"]
[Site "Ludwigshafen"]
[Date "2003.05.30"]
[Round "1.4"]
[White "Lusti, Reto"]
[Black "Mitura, Vaclav"]
[Result "1/2-1/2"]
[WhiteElo "1819"]
[BlackElo "2242"]
[PlyCount "33"]
[EventDate "2003.05.30"]
[EventType "team"]
[EventRounds "3"]
[EventCountry "GER"]
[SourceTitle "EXT 2004"]
[Source "ChessBase"]
[SourceDate "2003.11.25"]
[SourceVersion "1"]
[SourceVersionDate "2003.11.25"]
[SourceQuality "1"]

1. e4 c6 2. d4 d5 3. e5 c5 4. c3 Nc6 5. Ne2 Bg4 6. f3 Bh5 7. Nf4 Bg6 8. e6 cxd4 9. Bd3 Bxd3 10. exf7+ Kxf7 11. Qxd3 Nf6 12. cxd4 e5 13. dxe5 Bb4+ 14. Kd1 Nxe5 15. Qb5 Qb6 16. Qxb6 axb6 17. Bd2 1/2-1/2

[Event "Rail 4 countries 18th"]
[Site "Hergiswil"]
[Date "2001.06.09"]
[Round "2.6"]
[White "Kugelmann, Werner"]
[Black "Lusti, Reto"]
[Result "1-0"]
[WhiteElo "2159"]
[BlackElo "1818"]
[PlyCount "61"]
[EventDate "2001.06.08"]
[EventType "team-tourn"]
[EventRounds "3"]
[EventCountry "SUI"]
[SourceTitle "EXT 2004"]
[Source "ChessBase"]
[SourceDate "2003.11.25"]
[SourceVersion "1"]
[SourceVersionDate "2003.11.25"]
[SourceQuality "1"]

1. e4 e6 2. d4 d5 3. e5 c5 4. c3 Nc6 5. Nf3 Qb6 6. Bd3 Bd7 7. dxc5 Bxc5 8. 0-0 f6 9. b4 Be7 10. Re1 fxe5 11. Nxe5 Nxe5 12. Rxe5 Nf6 13. Be3 Qc7 14. Rg5 0-0 15. Bd4 Rf7 16. Be5 Bd6 17. Bxd6 Qxd6 18. Nd2 e5 19. Nc4 Qc7 20. Nxe5 Re7 21. Nxd7 Rxd7 22. Qf3 Ne4 23. Bxe4 dxe4 24. Qxe4 Qxc3 25. Re1 Rf8 26. Rc5 Qd2 27. Rc2 Qf4 28. Qe6+ Rdf7 29. a3 Kh8 30. g3 Qd4 31. Qxf7 1-0

[Event "Rail 4 countries 18th"]
[Site "Hergiswil"]
[Date "2001.06.08"]
[Round "1.6"]
[White "Lusti, Reto"]
[Black "Spevacek, Ivo"]
[Result "1/2-1/2"]
[WhiteElo "1978"]
[BlackElo "1818"]
[PlyCount "150"]
[EventDate "2001.06.08"]
[EventType "team-tourn"]
[EventRounds "3"]
[EventCountry "SUI"]
[SourceTitle "EXT 2004"]
[Source "ChessBase"]
[SourceDate "2003.11.25"]
[SourceVersion "1"]
[SourceVersionDate "2003.11.25"]
[SourceQuality "1"]

1. e4 Nf6 2. e5 Nd5 3. d4 d6 4. exd6 cxd6 5. Qf3 e6 6. Bd2 Be7 7. c4 Nf6 8. Bd3 Nc6 9. Bc3 d5 10. a3 dxc4 11. Bxc4 Nxd4 12. Qd1 Nc6 13. Nd2 0-0 14. Rc1 Bd7 15. Ngf3 Rc8 16. Ba2 b5 17. Bb1 a5 18. Ng5 h6 19. h4 b4 20. Bxf6 Bxf6 21. Qh5 Ne5 22. 0-0 Bxg5 23. hxg5 Qxg5 24. Qxg5 hxg5 25. Ne4 g4 26. Rc5 Rxc5 27. Nxc5 Bc6 28. Re1 Nc4 29. axb4 axb4 30. Nd3 Rb8 31. Rc1 Bd5 32. Bc2 f5 33. Bd1 Kh7 34. Kh2 Kh6 35. Kg3 Kg5 36. Be2 Nxb2 37. Nxb2 f4+ 38. Kh2 Kf5 39. Rc7 e5 40. Rxg7 Rh8+ 41. Kg1 f3 42. Bc4 Ba8 43. g3 Rd8 44. Rf7+ Kg6 45. Rc7 e4 46. Bb3 Rd2 47. Nd1 Re2 48. Ne3 Re1+ 49. Kh2 Rb1 50. Bf7+ Kg5 51. Rc5+ Kf6 52. Bc4 Ke7 53. Rb5 Kd6 54. Nxg4 Bc6 55. Rb8 Rb2 56. Kg1 Bd7 57. Ne3 Rb1+ 58. Bf1 Kc7 59. Rxb4 Rxb4 60. Nd5+ Kd6 61. Nxb4 Ba4 62. Kh2 Kc5 63. Na2 Kd4 64. g4 e3 65. fxe3+ Kxe3 66. Kg3 Bc6 67. Nc1 Ke4 68. Nd3 Ke3 69. Ne5 Be4 70. Nxf3 Bxf3 71. g5 Bh5 72. Bh3 Ke4 73. Kh4 Bg6 74. Bg4 Kf4 75. Bh5 Kf5 1/2-1/2

[Event "Meiringen SVSE 42nd"]
[Site "Meiringen"]
[Date "2000.04.17"]
[Round "5"]
[White "Lusti, Reto"]
[Black "Zanetti, Bruno"]
[Result "0-1"]
[WhiteElo "1810"]
[BlackElo "1927"]
[PlyCount "72"]
[EventDate "2000.04.13"]
[EventType "tourn"]
[EventRounds "7"]
[EventCountry "SUI"]
[SourceTitle "EXT 2004"]
[Source "ChessBase"]
[SourceDate "2003.11.25"]
[SourceVersion "1"]
[SourceVersionDate "2003.11.25"]
[SourceQuality "1"]

1. e4 c5 2. Nf3 Nc6 3. d4 cxd4 4. Nxd4 e5 5. Nb5 d6 6. N1c3 a6 7. Na3 Nf6 8. Bg5 Be7 9. Bxf6 Bxf6 10. Nd5 0-0 11. Nc4 Be6 12. Nxf6+ Qxf6 13. c3 Rfd8 14. Ne3 Ne7 15. Bc4 Bxc4 16. Nxc4 Qg6 17. Qf3 b5 18. Ne3 d5 19. Nxd5 Nxd5 20. exd5 e4 21. Qg3 Qxg3 22. hxg3 Rxd5 23. Rd1 Rad8 24. Ke2 f5 25. Rxd5 Rxd5 26. Rd1 Rxd1 27. Kxd1 Kf7 28. Kd2 Ke6 29. Kc2 g5 30. Kb3 Kd5 31. Kb4 f4 32. gxf4 gxf4 33. Kb3 h5 34. Kc2 h4 35. Kd2 f3 36. g4 h3 0-1

[Event "Meiringen SVSE 41st"]
[Site "Meiringen"]
[Date "1999.04.21"]
[Round "7"]
[White "Riesen, Markus"]
[Black "Lusti, Reto"]
[Result "1/2-1/2"]
[WhiteElo "1877"]
[BlackElo "1747"]
[PlyCount "62"]
[EventDate "1999.04.15"]
[EventType "tourn"]
[EventRounds "7"]
[EventCountry "SUI"]
[SourceTitle "EXT 2004"]
[Source "ChessBase"]
[SourceDate "2003.11.25"]
[SourceVersion "1"]
[SourceVersionDate "2003.11.25"]
[SourceQuality "1"]

1. d4 d5 2. c4 c6 3. Nc3 Nf6 4. Nf3 e6 5. Bg5 dxc4 6. a4 Bb4 7. Rc1 Nbd7 8. e4 Qa5 9. Bd2 Nb6 10. e5 Nfd5 11. Ne4 Qxa4 12. Qxa4 Nxa4 13. Bxb4 Nxb4 14. Nd6+ Ke7 15. Rxc4 a5 16. b3 Nb6 17. Rc1 N6d5 18. Kd2 a4 19. Ra1 a3 20. Ng5 h6 21. Nge4 f6 22. g3 b6 23. f4 a2 24. Bc4 fxe5 25. fxe5 Ba6 26. h4 Rhf8 27. Rhf1 Rxf1 28. Rxf1 Rf8 29. Ra1 Ne3 30. Bxa6 Nec2 31. Rxa2 Nxa2 1/2-1/2

[Event "Meiringen SVSE 41st"]
[Site "Meiringen"]
[Date "1999.04.18"]
[Round "4"]
[White "Lusti, Reto"]
[Black "Zanetti, Bruno"]
[Result "1-0"]
[WhiteElo "1747"]
[BlackElo "1945"]
[PlyCount "59"]
[EventDate "1999.04.15"]
[EventType "tourn"]
[EventRounds "7"]
[EventCountry "SUI"]
[SourceTitle "EXT 2004"]
[Source "ChessBase"]
[SourceDate "2003.11.25"]
[SourceVersion "1"]
[SourceVersionDate "2003.11.25"]
[SourceQuality "1"]

1. e4 c5 2. Nf3 Nc6 3. d4 cxd4 4. Nxd4 e5 5. Nb5 d6 6. c4 Nf6 7. N1c3 a6 8. Na3 Be7 9. Bg5 0-0 10. Be2 Be6 11. 0-0 Rc8 12. Nc2 Nd7 13. Bxe7 Nxe7 14. Qxd6 Bxc4 15. Bxc4 Rxc4 16. Ne3 Rd4 17. Ned5 Nxd5 18. Nxd5 Rxe4 19. Rad1 Rd4 20. Ne7+ Kh8 21. Rxd4 exd4 22. Nf5 Nf6 23. Qxd4 g6 24. Nd6 Kg8 25. Rd1 Qe7 26. h3 Rd8 27. Nf5 gxf5 28. Qxd8+ Qxd8 29. Rxd8+ Kg7 30. Rb8 1-0

[Event "Meiringen SVSE 41st"]
[Site "Meiringen"]
[Date "1999.04.16"]
[Round "2"]
[White "Lusti, Reto"]
[Black "Gisler, Maurice"]
[Result "1/2-1/2"]
[WhiteElo "1747"]
[BlackElo "1950"]
[PlyCount "47"]
[EventDate "1999.04.15"]
[EventType "tourn"]
[EventRounds "7"]
[EventCountry "SUI"]
[SourceTitle "EXT 2004"]
[Source "ChessBase"]
[SourceDate "2003.11.25"]
[SourceVersion "1"]
[SourceVersionDate "2003.11.25"]
[SourceQuality "1"]

1. e4 e5 2. Nf3 Nc6 3. Bb5 a6 4. Ba4 Nf6 5. d3 d6 6. c3 Be7 7. Nbd2 0-0 8. 0-0 Rb8 9. Re1 b5 10. Bc2 Qe8 11. Nf1 Bd8 12. Ng3 Ne7 13. h3 c5 14. d4 Ng6 15. Nf5 Qc6 16. a4 cxd4 17. axb5 axb5 18. cxd4 Re8 19. dxe5 dxe5 20. Nd6 Rf8 21. b3 Be7 22. Nf5 Qc7 23. Nxe7+ Qxe7 24. Be3 1/2-1/2